000
00361nam a2200157Ia 4500
008
130318s9999 xx 000 0 und d
020
_a
9812530363
082
_a
511.6 TUC/A
100
_a
Tucker, Alan
245
_a
Applied combinatorics
250
_a
4
260
_b
Wiley
_a
New York
_c
2002
300
_a
446
650
_a
COMBINATORICS
650
_a
GRAPH THEORY
999
_c
690
_d
690